000 00321nam a2200133Ia 4500
008 231017s9999 xx 000 0 und d
082 _a624.15422
082 _bBRO
245 0 _aNCHRP Report 461: Static and Dynamic Lateral Loading of Pile Groups
245 0 _cTRB
260 _bTRB
300 _c30cm
942 _cREP
999 _c603817
_d603817